000 01496nac a22003611u 4500
003 EG-ScBUE
005 20220316120900.0
008 200219s1992 enk f b 001 0 eng d
020 _a0521390680
020 _a9780521390682
040 _aEG-ScBUE
_beng
_erda
_cEG-ScBUE
_dEG-ScBUE
082 0 4 _a860.9145
_bFLI
_222
100 1 _aFlitter, Derek,
_eauthor.
245 1 0 _aSpanish romantic literary theory and criticism /
_cDerek Flitter, lecturer in modern Spanish language and literature, University of Birmingham.
264 1 _aCambridge :
_bCambridge University Press,
_c1992.
300 _axiii, 220 pages ;
_c23 cm.
336 _2rdacontent
_atext
_btxt
337 _2rdamedia
_aunmediated
_bn
338 _2rdacarrier
_avolume
_bnc
490 0 _aCambridge studies in Latin American and Iberian literature
504 _aIncludes bibliographical references and index.
650 7 _aSpanish literature
_y19th century
_xHistory and criticism
_xTheory, etc.
_2BUEsh
650 7 _aSpanish literature
_xForeign influences.
_2BUEsh
650 7 _aRomanticism
_zSpain.
_2BUEsh
650 7 _aCriticism
_zSpain
_xHistory
_y19th century.
_2BUEsh
650 7 _aLiterature and society
_zSpain.
_2BUEsh
651 _2BUEsh
653 _bHHUUEENN
_cMarch2022
655 _vReading book
_934232
856 4 2 _3Publisher description
_uhttp://www.loc.gov/catdir/description/cam024/90026853.html
856 4 2 _3Table of contents
_uhttp://www.loc.gov/catdir/toc/cam028/90026853.html
942 _cBB
_2ddc
999 _c5371
_d5371